How it is made / (Record no. 182347)
[ view plain ]
| 000 -LEADER | |
|---|---|
| fixed length control field | 00744 a2200169 4500 |
| 003 - CONTROL NUMBER IDENTIFIER | |
| control field | Nust |
| 005 - DATE AND TIME OF LATEST TRANSACTION | |
| control field | 20221018135106.0 |
| 040 ## - CATALOGING SOURCE | |
| Transcribing agency | Nust |
| 082 ## - DEWEY DECIMAL CLASSIFICATION NUMBER | |
| Classification number | 620,HAW |
| 100 ## - MAIN ENTRY--PERSONAL NAME | |
| Personal name | Hawks ,Ellison |
| 9 (RLIN) | 100626 |
| 245 ## - TITLE STATEMENT | |
| Title | How it is made / |
| Statement of responsibility, etc. | Ellison Hawks |
| 260 ## - PUBLICATION, DISTRIBUTION, ETC. | |
| Place of publication, distribution, etc. | London |
| Name of publisher, distributor, etc. | Odhams Press |
| 300 ## - PHYSICAL DESCRIPTION | |
| Extent | 383:p |
| 505 ## - FORMATTED CONTENTS NOTE | |
| Formatted contents note | How Ships are Made (Page-4), How Aeroplanes are Made (Page-40), How Railways are Made (Page-90), How Motor Cars are Made (Page-128), How Bridges are Made (Page-170), How Roads are Made (Page-212), How Tunnels are Made (Page-242), How Newspapers are Made (Page-276), How Films are Made (Page-298), How Radio Receiver and Made (Page-330), How Houses are Made (Page-350). |
| 650 ## - SUBJECT ADDED ENTRY--TOPICAL TERM | |
| Topical term or geographic name entry element | Power and Energy |
| 9 (RLIN) | 100627 |
| 942 ## - ADDED ENTRY ELEMENTS (KOHA) | |
| Source of classification or shelving scheme | |
| Koha item type | Book |
| Withdrawn status | Lost status | Source of classification or shelving scheme | Damaged status | Not for loan | Permanent Location | Current Location | Shelving location | Date acquired | Full call number | Barcode | Date last seen | Price effective from | Koha item type | Public note |
|---|---|---|---|---|---|---|---|---|---|---|---|---|---|---|
| Military College of Signals (MCS) | Military College of Signals (MCS) | General Stacks | 12/12/2016 | 620,HAW | MCS29700 | 12/08/2016 | 12/12/2016 | Book | Almirah No.26, Shelf No.5 |
